| 000 | 00374nam a2200145Ia 4500 | ||
|---|---|---|---|
| 008 | 230917s9999||||xx |||||||||||||| ||und|| | ||
| 040 |
_e106250 _aMAIN |
||
| 041 | _aEnglish | ||
| 082 | _a005.1 S27S | ||
| 100 | _aShaw, Mary | ||
| 245 | 0 | _aSoftware architecture: Perspectives on an emerging discipline | |
| 260 |
_aNew Delhi _bPHI _c1996 |
||
| 300 | _a242 p. | ||
| 942 | _cBK | ||
| 999 |
_c124102 _d124102 |
||